000 00480nam a2200181Ia 4500
005 20250317131031.0
008 008 250317s9999 xx 000 0 eng d
037 _aTextbook
040 _aFMSL
_beng
_cFMSL
041 _aeng
_2eng
084 _qFMSL
100 _aI.I.P.A
_9702932
245 0 _aProposals for model legislation for municipal corporations
260 _aI.I.P.A
_bI.I.P.A
_c1977
300 _a367p
942 _cTB
999 _c1266381
_d1266381